000 00830nam a22002297a 4500
005 20240702083629.0
008 210325t xxu||||| |||| 00| 0 eng d
040 _cCSPC
090 _aMTH MAN Oc14
100 _aOcciano, Josephine Olaso
_eauthor
245 1 0 _aHospital and home health care management of diabetic patients in Rinconada, Camarines Sur /
_cJosephine Olaso Occiano.
260 _aNabua, Camarines Sur :
_bCamarines Sur Polytechnic Colleges;
_c2010.
300 _a162 leaves
502 _aMasters Thesis (MAN) - Nursing
_cCamarines Sur Polytechnic Colleges, 2010.
720 _aRull, Elena V.,
_eadviser.
720 _aDe Alban, Ma. Teresa G.,
_epanelist, chair
720 _aAtian, Dulce F.,
_epanelist.
720 _aSalud, Marcela D.,
_epanelist.
940 _aLenie
942 _cUM
_2ddc
999 _c11239
_d11239